Catcheur de la WWE actuellement - Statistiques

Statistiques générales
  • Ce quiz a été pris 2 166 fois
  • Le résultat moyen est 8 sur 14
Answers on the Grid
Answers color-coded by a green-red scale on the quiz's grid according to % correct below.
Dean Ambrose
Pentagon JR
MJF
Kazuchika Okada
Edge
Christian Cage
Seth Rollins
Roman Reigns
Adam Cole
Roderick Strong
Sheamus
Gunther
James Ellsworth
Aj Styles
CM Punk
Toni Storm
Jade Cargill
Rey Mysterio
Paige
Alberto Del Rio
Chad Gable
Chris Jericho
Aleister Black
Rhea Ripley
Bianca Belair
Dolph Ziggler
Axiom
Shelton Benjamin
John Morisson
Andrade
 
Statistiques - réponses
Réponse % Correct
Seth Rollins
82%
CM Punk
77%
Roman Reigns
76%
Gunther
75%
Aj Styles
73%
Sheamus
73%
Rey Mysterio
66%
Jade Cargill
59%
Chad Gable
54%
Rhea Ripley
50%
Pentagon JR
48%
Bianca Belair
39%
Aleister Black
36%
Axiom
33%
Aucun quiz correspondant
Distribution des résultats
% des personnes avec chaque résultat
Percentile par nombre de réponses
Votre historique - résultats
Vous n’avez pas pris ce quiz